Understanding and addressing the health risks of damp and mould in the home (Record no. 121657)
[ view plain ]
| 000 -LEADER | |
|---|---|
| fixed length control field | 01609nam a22002417a 4500 |
| 008 - FIXED-LENGTH DATA ELEMENTS--GENERAL INFORMATION | |
| fixed length control field | 230907s2023 ||||| ||||o00| 0 eng d |
| 110 ## - MAIN ENTRY--CORPORATE NAME | |
| 9 (RLIN) | 6315 |
| Corporate author | Department for Levelling Up, Housing and Communities |
| 245 ## - TITLE STATEMENT | |
| Title | Understanding and addressing the health risks of damp and mould in the home |
| 260 ## - PUBLICATION INFORMATION | |
| Publisher | Department for Levelling Up, Housing and Communities, |
| Date | 7 September 2023 |
| 520 ## - ABSTRACT | |
| Abstract | The consolidated guidance sets out the: health risks of damp and mould; actions that can be taken by social and private rented landlords and their workforce to address and reduce the risk of damp and mould in their homes<br/>It may also be of interest to health and social care professionals, owner-occupiers and tenants. The report delivers on the government’s commitment in response to the Coroner’s ‘Prevention of future deaths’ report following the death of 2-year-old Awaab Ishak from a severe respiratory condition due to prolonged exposure to mould in his home. |
| 520 ## - ABSTRACT | |
| Abstract | Applies to England |
| 650 ## - KEYWORDS | |
| Keywords | BUILDING DEFECTS |
| 650 ## - KEYWORDS | |
| Keywords | DAMP |
| 650 ## - KEYWORDS | |
| Keywords | HEALTH AND SAFETY |
| 650 ## - KEYWORDS | |
| Keywords | LANDLORD AND TENANT |
| 650 ## - KEYWORDS | |
| Keywords | MOULD |
| 650 ## - KEYWORDS | |
| Keywords | SOCIAL HOUSING |
| 651 ## - SUBJECT ADDED ENTRY--GEOGRAPHIC NAME | |
| Geographic name | England |
| 690 ## - LOCAL SUBJECT ADDED ENTRY--TOPICAL TERM (OCLC, RLIN) | |
| 9 (RLIN) | 6244 |
| Topical term or geographic name as entry element | Health and safety |
| 690 ## - LOCAL SUBJECT ADDED ENTRY--TOPICAL TERM (OCLC, RLIN) | |
| 9 (RLIN) | 6223 |
| Topical term or geographic name as entry element | Building materials & defects |
| 710 ## - ADDED CORPORATE NAME | |
| 9 (RLIN) | 6315 |
| Added corporate author | Department for Levelling Up, Housing and Communities |
| 856 ## - ONLINE RESOURCE | |
| Uniform Resource Identifier | https://www.gov.uk/government/publications/damp-and-mould-understanding-and-addressing-the-health-risks-for-rented-housing-providers/understanding-and-addressing-the-health-risks-of-damp-and-mould-in-the-home--2 |
| Public note | Available on .gov.uk |
| Withdrawn status | Lost status | Source of classification or shelving scheme | Damaged status | Not for loan | Home library | Current library | Shelving location | Date acquired | Total Checkouts | Date last seen | Price effective from | Koha item type |
|---|---|---|---|---|---|---|---|---|---|---|---|---|
| Dewey Decimal Classification | Virtual | Virtual | Online | 07/09/2023 | 07/09/2023 | 07/09/2023 | Online material |